• 首页
  • 本馆介绍
  • 公告通知
  • 最新文献
  • 馆藏检索
  • 电子资源
  • 读者导购
  • 参考咨询
  • 我的图书馆
  • 登录
  • 详细信息显示
  • 放入我的书架
  • 预约/预借图书
  • 作者相关作品
  • 分类相关作品
  • 丛书相关作品
  • 出版社相关作品

书目信息

  • 表格格式
  • 工作单格式
  • 卡片格式
题名:
细胞放射生物学
    
 
作者: 阿尔珀 , Alper 著 ;林兴成 , 江家贵 译
分册:  
出版信息: 北京   原子能出版社  1987
页数: 408页
开本: 19cm
丛书名:
单 册:
中图分类: Q27 , Q691
科图分类:
主题词: 细胞-放射生物学 , 放射生物学-细胞 , 放射生物学
电子资源:
ISBN:
000 00949nam0 2200337 45
001 0187010445
005 20040630163324.7
010    @dCNY2.40
091    @a15175.758
100    @a19900912d1987 emky0chiy0121 ea
101 1  @achi@ceng
102    @aCN@b110000
105    @ay z 000yy
106    @ar
200 10 @a细胞放射生物学@Axi bao fang she sheng wu xue@f(英)阿尔珀(Alper,T.)著@g林兴成, 江家贵译
210    @a北京@c原子能出版社@d1987
215    @a408页@d19cm
300    @a书名原文: Cellular radiobiology.
510 1  @aCellular radiobiology@zeng
606    @a细胞-放射生物学
606    @a放射生物学-细胞
606 0  @a放射生物学
690    @aQ27@v3
690    @aQ691@v3
701  1 @a阿尔珀@Aa er po@bT.@4著
701 A1 @aAlper@bT.@4著
702  0 @a林兴成@Alin xing cheng@4译
702  0 @a江家贵@Ajiang jia gui@4译
801  0 @aCN@b深圳图书馆@c20040525
801  2 @aCN@bNLC@c20040525
905    @dQ691@e11@f1@b203708
    
    细胞放射生物学/(英)阿尔珀(Alper,T.)著/林兴成, 江家贵译.-北京:原子能出版社,1987
    408页;19cm
    书名原文: Cellular radiobiology.
    
    ISBN :CNY2.40
    
●
相关链接 在E读中查询图书 在五车中查询图书 在当当中查询图书 在豆瓣中查询图书


正题名:细胞放射生物学     索取号:Q691/11         预约/预借

序号 登录号 条形码 馆藏地/架位号 状态 备注
1 0203707   000703625   第三借阅区/ [索取号:Q691/11] 在馆    
2 0203708   001937435   第三借阅区/ [索取号:Q691/11] 在馆    
3 0203709   000703689   第二样本阅览室/ [索取号:Q691/11] 在馆    
唐山师范学院图书馆 欢迎您!
大连网信软件有限公司© 版权所有